St. Louis School Districts - Statistics

General Stats
  • This quiz has been taken 39 times
  • The average score is 10 of 24
Answer Stats
Answer % Correct
Ladue
80%
Kirkwood
72%
Clayton
68%
Parkway
68%
University City
68%
Webster Groves
64%
Maplewood - Richmond Heights
48%
Rockwood
48%
St. Louis Public Schools (City)
48%
Ferguson - Florissant
44%
Jennings
44%
Lindbergh
44%
Affton
40%
Brentwood
40%
Hazelwood
40%
Normandy
36%
Riverview Gardens
36%
Mehlville
24%
Pattonville
24%
Ritenour
20%
Valley Park
20%
Bayless
16%
Hancock Place
8%
Meramec Valley
0%
No matching quizzes found
Score Distribution
Percent of People with Each Score
Percentile by Number Answered
Your Score History
You have not taken this quiz